| 000 | 00832nam a22002297a 4500 | ||
|---|---|---|---|
| 999 |
_c3884 _d3884 |
||
| 003 | AR-CdUCM | ||
| 008 | 190307b ||||| |||| 00| 0 spa d | ||
| 040 |
_aMUNICIPALIDAD PROVINCIAL DEL CUSCO _cBIBLIOTECA MUNICIPAL DEL CUSCO |
||
| 082 |
_a331.8 / _bM21 |
||
| 100 |
_aMallet, Serge _912477 |
||
| 245 | _aLa nueva condición obrera / | ||
| 260 |
_aMadrid : _bTecnos, _c1969. |
||
| 300 |
_a202 páginas ; _c23 cm. |
||
| 440 |
_aSerie de sociología _912478 |
||
| 505 | _aSindicalismo y sociedad industrial -- Una fábrica no concentrada la campaña de máquinas bull -- La caltex -- El sindicato de empresa -- La empresa en la historia moderna... | ||
| 650 |
_aEmpresa. _9826 |
||
| 650 |
_aSindicato. _912479 |
||
| 650 |
_aMáquinas bull. _912480 |
||
| 650 |
_aObreros. _912481 |
||
| 942 |
_2ddc _cLIBROS |
||
| 945 |
_awfj _d2019-03-07 |
||